Efficient model predictive control applied on active vibration attenuation

Salvato in:
Dettagli Bibliografici
Autore principale: Takács, Gergely, 1982- (Autore)
Altri autori: Rohaľ-Ilkiv, Boris, 1949- (Relatore della tesi)
Natura: Libro
Lingua:inglese
Pubblicazione: Bratislava : Slovak University of Technology in Bratislava, 2009
Soggetti:
Tags: Aggiungi Tag
Nessun Tag, puoi essere il primo ad aggiungerne!!

MARC

LEADER 00000nam a22000003a 4500
001 stu191819
005 20150617230048.0
008 091008s2009------------------------eng-d
040 |a STU  |b slo 
041 0 |a eng 
080 |a 616.78 
100 1 |a Takács, Gergely,  |d 1982-  |4 aut  |u J0020  |9 100  |U SjF Strojnícka fakulta  |T SjF Ústav automatizácie, merania a aplikovanej informatiky  |X 21811  |U J0020  |Y 802  |7 A000021811 
245 1 |a Efficient model predictive control applied on active vibration attenuation 
260 |a Bratislava :  |b Slovak University of Technology in Bratislava,  |c 2009 
300 |a 230 s  |c CD ROM 
650 7 |a MPC  |2 estusub 
650 7 |a tlmenie vibrácií  |2 stusub 
650 7 |a active damping  |2 estusub 
700 1 |a Rohaľ-Ilkiv, Boris,  |d 1949-  |4 ths  |u J0020  |U SjF Strojnícka fakulta  |T SjF Ústav automatizácie, merania a aplikovanej informatiky  |X 2463  |U J0020  |Y 802  |7 A000002463 
996 |b 284J035528  |c J*111037  |l JJST  |s P  |a 0  |w stu191819_0001